Výhody a nevýhody európskych právnych foriem obchodných spoločností bakalárska práca

Gespeichert in:
Bibliographische Detailangaben
1. Verfasser: Bajcárová, Michaela
Körperschaft: Obchodná fakulta EU. Katedra obchodného práva
Weitere Verfasser: Vačoková, Lenka, 1983-
Format: Buch
Sprache:Slowakisch
Veröffentlicht: Bratislava 2021
Tags: Tag hinzufügen
Keine Tags, Fügen Sie das erste Tag hinzu!

MARC

LEADER 00000nbm a2200000 4500
001 0276051
005 20220127121303.0
041 0 |a slo 
044 |a SK 
245 1 0 |a Výhody a nevýhody európskych právnych foriem obchodných spoločností  |b bakalárska práca  |c Michaela Bajcárová ; školiteľ: Lenka Vačoková 
264 1 |a Bratislava  |c 2021 
300 |a 54 s. 
100 1 |a Bajcárová, Michaela 
700 1 |a Vačoková, Lenka, 1983- 
710 2 |a Obchodná fakulta EU. Katedra obchodného práva